[Event "SR 4. liga A21 2015/2016"]
[Site "?"]
[Date "2016.04.03"]
[Round "11.3"]
[White "Sobek, Michal"]
[Black "Vogl, Zdenek"]
[Result "0-1"]
[WhiteElo "1898"]
[BlackElo "1925"]
[PlyCount "98"]
[EventDate "2015.??.??"]

1. e4 e5 2. Nf3 Nc6 3. Bb5 a6 4. Ba4 b5 5. Bb3 Nf6 6. O-O Be7 7. Bd5 Nxd5 8.
exd5 Nd4 9. Nxe5 Bf6 10. f4 Bb7 11. c3 Nf5 12. Qg4 Ne7 13. Qh5 Bxd5 14. d4 g6
15. Qh3 d6 16. Ng4 Bg7 17. Nd2 O-O 18. Nf3 Bxf3 19. Rxf3 Nf5 20. Bd2 Re8 21.
Rff1 h5 22. Ne3 Nxe3 23. Bxe3 f5 24. Rae1 Qd7 25. Qf3 Re4 26. Bf2 Rae8 27. Qd1
Rxf4 28. Qb3+ Kh7 29. Rxe8 Qxe8 30. Re1 Re4 31. Kf1 Rxe1+ 32. Bxe1 Qe4 33. Qd1
Bh6 34. Kg1 Be3+ 35. Bf2 f4 36. Bxe3 fxe3 37. Kf1 Qf4+ 38. Qf3 g5 39. Ke2 Kg6
40. Qxe3 Qxe3+ 41. Kxe3 Kf5 42. Kf3 c5 43. dxc5 dxc5 44. h3 g4+ 45. Kg3 Kg5 46.
hxg4 hxg4 47. a3 Kf5 48. Kh4 Kf4 49. g3+ Kf3 0-1

[Event "SR 4. liga A21 2015/2016"]
[Site "?"]
[Date "2016.04.03"]
[Round "11.3"]
[White "Hrubsa, Marian"]
[Black "Klimes, Karel"]
[Result "1-0"]
[WhiteElo "1828"]
[BlackElo "1660"]
[PlyCount "69"]
[EventDate "2015.??.??"]

1. e4 e5 2. Nf3 Nc6 3. Bb5 a6 4. Bxc6 dxc6 5. O-O Bd6 6. d4 Bg4 7. dxe5 Bxf3 8.
Qxf3 Bxe5 9. Nd2 Qf6 10. Qb3 O-O-O 11. Nf3 Bf4 12. e5 Qf5 13. Bxf4 Qxf4 14. e6
fxe6 15. Qxe6+ Kb8 16. Ne5 Nh6 17. Nd7+ Ka7 18. Nc5 Rhe8 19. Qb3 b6 20. Ne6
Rxe6 21. Qxe6 Rd2 22. Qxc6 Ng4 23. g3 Qf7 24. h3 Nxf2 25. Qg2 Nxh3+ 26. Qxh3
Qd5 27. Rf2 Qd4 28. Raf1 Qe3 29. Qg2 Rxc2 30. Qf3 Qc5 31. Kg2 Rc4 32. Rd1 Qg5
33. Qd5 Qg4 34. Rdf1 Rd4 35. Qf5 1-0

[Event "SR 4. liga A21 2015/2016"]
[Site "?"]
[Date "2016.04.03"]
[Round "11.3"]
[White "Wallner, Juraj"]
[Black "Planka, Peter"]
[Result "1/2-1/2"]
[WhiteElo "1535"]
[BlackElo "1786"]
[PlyCount "50"]
[EventDate "2015.??.??"]

1. e4 e5 2. Nf3 Nc6 3. d4 exd4 4. Nxd4 Nxd4 5. Qxd4 d6 6. Nc3 Nf6 7. Bg5 Be7 8.
Bc4 O-O 9. O-O-O Ng4 10. Bxe7 Qxe7 11. Qd2 Nf6 12. f3 Be6 13. Nd5 Nxd5 14. Bxd5
Bxd5 15. Qxd5 Rfb8 16. Rhe1 Qe6 17. Kb1 Kf8 18. e5 Qxd5 19. Rxd5 Re8 20. f4
Rad8 21. Red1 f6 22. c4 fxe5 23. fxe5 Ke7 24. exd6+ Rxd6 25. Rxd6 cxd6 1/2-1/2

[Event "SR 4. liga A21 2015/2016"]
[Site "?"]
[Date "2016.04.03"]
[Round "11.3"]
[White "Zlamal, Marek"]
[Black "Tomasovic, Roman"]
[Result "1-0"]
[WhiteElo "1761"]
[BlackElo "1565"]
[PlyCount "86"]
[EventDate "2015.??.??"]

1. d4 d5 2. c4 Be6 3. c5 c6 4. Nf3 b6 5. b4 a5 6. Qa4 b5 7. Qa3 h6 8. Bd2 a4 9.
Bf4 Nd7 10. e3 Ngf6 11. Bd3 Nh5 12. Nc3 Nxf4 13. exf4 g6 14. Ne5 Nxe5 15. fxe5
Qd7 16. O-O Bf5 17. Be2 h5 18. Nd1 g5 19. Ne3 g4 20. f4 gxf3 21. Rxf3 e6 22.
Raf1 Bh6 23. R3f2 O-O-O 24. Nd1 Rdf8 25. Bd3 Bxd3 26. Qxd3 Bg5 27. Qg3 Bd8 28.
Qg7 Rhg8 29. Qh7 Rh8 30. Qd3 Qe7 31. Nc3 Qb7 32. Qh3 Qd7 33. Ne2 Bg5 34. Nf4
Bxf4 35. Rxf4 Kb7 36. Rf6 Qe7 37. R1f4 Ka6 38. Rh4 Rfg8 39. Rxh5 Rxh5 40. Qxh5
Rf8 41. Rxf7 Qe8 42. Qh7 Qb8 43. Rc7 Qa8 1-0

[Event "SR 4. liga A21 2015/2016"]
[Site "?"]
[Date "2016.04.03"]
[Round "11.3"]
[White "Vozarova, Adriana"]
[Black "Harasta, Marian"]
[Result "0-1"]
[WhiteElo "1509"]
[BlackElo "1608"]
[PlyCount "68"]
[EventDate "2015.??.??"]

1. e4 c5 2. Nf3 Nc6 3. d4 cxd4 4. Nxd4 e5 5. Nf3 Nf6 6. Bg5 Be7 7. Nbd2 h6 8.
Bh4 g5 9. Bg3 d6 10. Bb5 Bd7 11. Qe2 a6 12. Bxc6 Bxc6 13. O-O Nh5 14. Rad1 Qc7
15. Nb3 Bb5 16. c4 Nxg3 17. hxg3 Bxc4 18. Qc2 Rc8 19. Rfe1 O-O 20. Rc1 b5 21.
Nbd2 Qb7 22. Qd1 Bd3 23. Rxc8 Rxc8 24. Qb3 Bc2 25. Qe3 Bd8 26. Rc1 Bb6 27. Qe2
Kg7 28. Re1 Ba5 29. a3 b4 30. Nc4 bxa3 31. Nxa5 Qxb2 32. Nc4 Rxc4 33. Qxc4 a2
34. Qxa6 Bb1 0-1

[Event "SR 4. liga A21 2015/2016"]
[Site "?"]
[Date "2016.04.03"]
[Round "11.4"]
[White "Ocko, Martin"]
[Black "Curidlo, Jan"]
[Result "1/2-1/2"]
[WhiteElo "1983"]
[BlackElo "1896"]
[PlyCount "70"]
[EventDate "2015.??.??"]

1. d4 Nf6 2. g3 d5 3. Bg2 e6 4. Nf3 Be7 5. O-O O-O 6. b3 Nbd7 7. Bb2 c5 8. e3
Re8 9. Nbd2 Rb8 10. c4 b6 11. Ne5 Bb7 12. Rc1 Nf8 13. f4 Bd6 14. h3 Rc8 15. Kh2
Rc7 16. Rf2 Ng6 17. Bh1 Qa8 18. Qc2 cxd4 19. Bxd4 Qc8 20. Qb2 Bf8 21. Rff1 Bb4
22. Ndf3 Bc5 23. Ng5 h6 24. Ngxf7 Rxf7 25. Nxg6 Bxd4 26. Qxd4 Qd8 27. cxd5 Bxd5
28. Bxd5 exd5 29. Ne5 Rc7 30. Qb2 Qd6 31. Rxc7 Qxc7 32. Rc1 Qe7 33. b4 Ne4 34.
Qd4 Nf6 35. a3 Qb7 1/2-1/2

[Event "SR 4. liga A21 2015/2016"]
[Site "?"]
[Date "2016.04.03"]
[Round "11.4"]
[White "Sedlak, Rastislav"]
[Black "Diviak, Rastislav"]
[Result "1/2-1/2"]
[WhiteElo "1666"]
[BlackElo "1980"]
[PlyCount "52"]
[EventDate "2015.??.??"]

1. e4 c5 2. Nf3 a6 3. d4 cxd4 4. Nxd4 Nf6 5. Nc3 e5 6. Nf3 Bb4 7. Bd3 d5 8. Bg5
d4 9. a3 Ba5 10. b4 dxc3 11. bxa5 Nc6 12. O-O Qxa5 13. Bxf6 gxf6 14. Nh4 Be6
15. Qf3 Ke7 16. Nf5+ Bxf5 17. Qxf5 Nd4 18. Qh5 Ne6 19. Bc4 b5 20. Bb3 Rag8 21.
Bxe6 fxe6 22. Rfd1 Qa4 23. Qf3 Qc4 24. Rd3 Rc8 25. Rad1 Qc7 26. h3 a5 1/2-1/2

[Event "SR 4. liga A21 2015/2016"]
[Site "?"]
[Date "2016.04.03"]
[Round "11.4"]
[White "Musaev, Matej Elbek"]
[Black "Ulehla, Jakub"]
[Result "0-1"]
[WhiteElo "1470"]
[BlackElo "1772"]
[PlyCount "72"]
[EventDate "2015.??.??"]

1. e4 c5 2. Nf3 Nc6 3. d4 cxd4 4. Nxd4 g6 5. Bc4 Bg7 6. Be3 Nf6 7. Nc3 Qa5 8.
O-O O-O 9. Qe2 e6 10. Nb3 Qc7 11. Bc5 Rd8 12. Rad1 Bf8 13. Nb5 Qe5 14. Bxf8
Kxf8 15. Nd6 Qxb2 16. Nc5 Qb6 17. Ncxb7 Bxb7 18. Rb1 Nd4 19. Qd3 Qxd6 20. Rxb7
Qc6 21. Qxd4 Qxb7 22. Qxf6 Kg8 23. Bd3 Qc7 24. f4 Rab8 25. Rf3 Rb1+ 26. Bf1
Rdb8 27. f5 exf5 28. exf5 Qc5+ 29. Kh1 R1b6 30. Qh4 Qxc2 31. f6 Qc1 32. Kg1 h5
33. h3 Qc5+ 34. Kh1 Qe5 35. g4 Rb2 36. Rg3 Qe1 0-1

[Event "SR 4. liga A21 2015/2016"]
[Site "?"]
[Date "2016.04.03"]
[Round "11.4"]
[White "Drozd, Jan"]
[Black "Musaev, Urmat"]
[Result "1/2-1/2"]
[WhiteElo "1569"]
[BlackElo "1725"]
[PlyCount "79"]
[EventDate "2015.??.??"]

1. e4 e5 2. Nf3 Nc6 3. Bb5 a6 4. Ba4 Bc5 5. c3 Nf6 6. Bc2 d6 7. d4 exd4 8. cxd4
Bb6 9. O-O Bg4 10. d5 Ne5 11. Nbd2 Qe7 12. h3 Bh5 13. Re1 O-O-O 14. a4 g5 15.
Nf1 g4 16. Nxe5 gxh3 17. Nf3 Rhg8 18. g3 Ng4 19. Be3 h2+ 20. Kg2 h1=Q+ 21. Kxh1
Bxe3 22. Kg2 Nxf2 23. Qe2 Ba7 24. Ne3 Nxe4 25. Nf5 Qf6 26. Qxe4 Rg4 27. Ne7+
Kb8 28. Qf5 Qxb2 29. Nc6+ Ka8 30. Nxd8 Rg8 31. Rab1 Bxf3+ 32. Kxf3 Qc3+ 33. Bd3
Rxd8 34. Rec1 Qd4 35. Rf1 Qe3+ 36. Kg2 Rg8 37. Rf3 Qd2+ 38. Kh1 Qh6+ 39. Kg2
Qd2+ 40. Kh1 1/2-1/2

[Event "SR 4. liga A21 2015/2016"]
[Site "?"]
[Date "2016.04.03"]
[Round "11.5"]
[White "Lanik, Miroslav"]
[Black "Slaby, Jozef"]
[Result "1/2-1/2"]
[WhiteElo "1882"]
[BlackElo "1776"]
[PlyCount "33"]
[EventDate "2015.??.??"]

1. e4 e6 2. d4 d5 3. e5 c5 4. c3 Nc6 5. Nf3 Nge7 6. Bd3 g6 7. a3 c4 8. Bc2 Nf5
9. Nbd2 Qa5 10. O-O Be7 11. Re1 Bd7 12. Nf1 h6 13. Bd2 Qc7 14. b4 cxb3 15. Bxb3
Na5 16. Ne3 Rc8 17. Ba4 1/2-1/2

[Event "SR 4. liga A21 2015/2016"]
[Site "?"]
[Date "2016.04.03"]
[Round "11.5"]
[White "Slaba, Andrea"]
[Black "Palka, Miroslav"]
[Result "1-0"]
[WhiteElo "1773"]
[BlackElo "1940"]
[PlyCount "97"]
[EventDate "2015.??.??"]

1. Nf3 c5 2. g3 g6 3. Bg2 Bg7 4. O-O Nc6 5. d3 Nf6 6. Nc3 O-O 7. e4 d6 8. Ne1
Bg4 9. f3 Be6 10. Be3 Qd7 11. f4 Bh3 12. Qf3 Bg4 13. Qf2 Bh3 14. Bxh3 Qxh3 15.
Qg2 Qd7 16. h3 Nd4 17. Bxd4 cxd4 18. Ne2 e5 19. Nf3 Nh5 20. fxe5 dxe5 21. g4
Nf4 22. Nxf4 exf4 23. Qh2 Qb5 24. b3 g5 25. h4 h6 26. hxg5 hxg5 27. Qh5 f6 28.
Rf2 Qd7 29. Rh2 Rfd8 30. e5 Qf7 31. exf6 Bxf6 32. Nxg5 Qxh5 33. Rxh5 Rac8 34.
Rc1 Rd5 35. Ne4 Be5 36. Nf6+ Bxf6 37. Rxd5 Be7 38. Ra5 Bb4 39. Rxa7 Bd2 40. Ra1
Be3+ 41. Kh1 Rxc2 42. a4 f3 43. Rf1 f2 44. Rxb7 Rc3 45. a5 Rxd3 46. a6 Rd2 47.
a7 Ra2 48. Rb8+ Kg7 49. a8=Q 1-0

[Event "SR 4. liga A21 2015/2016"]
[Site "?"]
[Date "2016.04.03"]
[Round "11.5"]
[White "Tokos, Rastislav"]
[Black "Pripko, Bystrik"]
[Result "1-0"]
[WhiteElo "1806"]
[BlackElo "1658"]
[PlyCount "53"]
[EventDate "2015.??.??"]

1. e4 e5 2. Nf3 Nc6 3. Bb5 a6 4. Bxc6 dxc6 5. d4 exd4 6. Qxd4 Qxd4 7. Nxd4 Nf6
8. f3 Bc5 9. Nb3 Bb6 10. Bg5 Nd7 11. N1d2 f6 12. Bf4 Nf8 13. Nc4 Ne6 14. Bg3
O-O 15. O-O-O Rd8 16. Rxd8+ Nxd8 17. Nxb6 cxb6 18. Bc7 Be6 19. Nd4 Bf7 20. Bxb6
Ne6 21. Ne2 Be8 22. Rd1 c5 23. c4 Rc8 24. Nc3 Kf7 25. Nd5 Ba4 26. b3 Be8 27.
Kd2 1-0

[Event "SR 4. liga A21 2015/2016"]
[Site "?"]
[Date "2016.04.03"]
[Round "11.5"]
[White "Piestansky, Jan"]
[Black "Lauko, Tomas"]
[Result "1/2-1/2"]
[WhiteElo "1674"]
[BlackElo "1680"]
[PlyCount "44"]
[EventDate "2015.??.??"]

1. e4 c5 2. Bc4 Nc6 3. Nf3 e6 4. c3 d5 5. exd5 exd5 6. Qe2+ Be7 7. Bb3 Nf6 8.
h3 O-O 9. O-O Re8 10. Re1 Bd6 11. Qd1 Bf5 12. d3 Qd7 13. Rxe8+ Rxe8 14. Bg5 c4
15. Bc2 cxd3 16. Bxd3 Ne5 17. Nxe5 Bxe5 18. Bxf5 Qxf5 19. Be3 b6 20. Nd2 g5 21.
Qf3 Qg6 22. g4 Ne4 1/2-1/2

[Event "SR 4. liga A21 2015/2016"]
[Site "?"]
[Date "2016.04.03"]
[Round "11.5"]
[White "Bendzela, Tibor"]
[Black "Prvy, Alojz"]
[Result "1/2-1/2"]
[WhiteElo "1536"]
[BlackElo "1492"]
[PlyCount "84"]
[EventDate "2015.??.??"]

1. e4 e5 2. d4 exd4 3. Qxd4 Nc6 4. Qe3 h6 5. Nc3 Ne5 6. h3 Nf6 7. Bd2 b6 8.
O-O-O Bc5 9. Qf4 Ng6 10. Qg3 d6 11. f3 Nh5 12. Qh2 Be6 13. Bb5+ Bd7 14. Bxd7+
Qxd7 15. g4 Nf6 16. h4 Ne5 17. Qg3 O-O 18. h5 Nh7 19. Nh3 Qd8 20. f4 Nc4 21. g5
hxg5 22. fxg5 Nxd2 23. Rxd2 g6 24. e5 Qe7 25. Re2 dxe5 26. Ne4 Bd6 27. Nxd6
cxd6 28. Rf1 Qe6 29. Kb1 gxh5 30. Nf2 Kh8 31. Rh1 Qg6 32. Ne4 f5 33. gxf6 Qxg3
34. Nxg3 Nxf6 35. Nxh5 Nxh5 36. Rxh5+ Kg7 37. Rg2+ Kf7 38. b3 Ke6 39. c4 Kd7
40. Rg7+ Kc6 41. Rhh7 Rac8 42. Re7 a5 1/2-1/2

[Event "SR 4. liga A21 2015/2016"]
[Site "?"]
[Date "2016.04.03"]
[Round "11.6"]
[White "Podjavorinsky, Michal"]
[Black "Brunovsky, Peter"]
[Result "1/2-1/2"]
[WhiteElo "1948"]
[BlackElo "1812"]
[PlyCount "85"]
[EventDate "2015.??.??"]

1. e4 c6 2. d4 d5 3. e5 Bf5 4. g4 Be4 5. f3 Bg6 6. Ne2 e6 7. h4 h5 8. g5 Ne7 9.
Nf4 Nf5 10. Bd3 Qb6 11. c3 c5 12. Nxg6 fxg6 13. Bxf5 gxf5 14. dxc5 Bxc5 15. Qb3
Nc6 16. Qxb6 Bxb6 17. f4 Kf7 18. Na3 a6 19. Ke2 Rhd8 20. Be3 Bxe3 21. Kxe3 d4+
22. cxd4 Rxd4 23. Rhd1 Rad8 24. Rxd4 Rxd4 25. Nc2 Rc4 26. Ne1 Nb4 27. Rd1 Nd5+
28. Ke2 Nxf4+ 29. Kf3 Nd5 30. Ng2 Ke7 31. Rd2 g6 32. a3 Re4 33. Re2 Rc4 34. Rd2
a5 35. Kf2 b5 36. Kf3 b4 37. axb4 Rxb4 38. Kf2 a4 39. Kf3 Rb3+ 40. Kf2 Rb4 41.
Kf3 Rb3+ 42. Kf2 Rb4 43. Kf3 1/2-1/2

[Event "SR 4. liga A21 2015/2016"]
[Site "?"]
[Date "2016.04.03"]
[Round "11.6"]
[White "Hrubos, Milan"]
[Black "Miciak, Emanuel"]
[Result "1/2-1/2"]
[WhiteElo "1767"]
[BlackElo "1816"]
[PlyCount "96"]
[EventDate "2015.??.??"]

1. e4 c5 2. Nf3 d6 3. d4 cxd4 4. Nxd4 Nf6 5. Nc3 a6 6. Be2 g6 7. Be3 Bg7 8. f3
O-O 9. Qd2 Nc6 10. O-O-O Nxd4 11. Bxd4 b5 12. Kb1 Bb7 13. g4 Rc8 14. g5 Nh5 15.
Bxg7 Nxg7 16. h4 Rc5 17. f4 Qc7 18. h5 Rc8 19. hxg6 b4 20. gxf7+ Kxf7 21. Nd5
Bxd5 22. exd5 Rxc2 23. Qd3 b3 24. axb3 Qc5 25. Bg4 Qf2 26. Qd4 Rc1+ 27. Ka2
Qxd4 28. Rxd4 Rxh1 29. Bxc8 Rh4 30. Bxa6 Nh5 31. Bd3 Rxf4 32. Rxf4+ Nxf4 33.
Be4 Nh3 34. Bxh7 Nxg5 35. Bd3 Ke8 36. b4 Nf3 37. b5 Ne5 38. Be2 Nd7 39. Ka3 Nb6
40. Bf3 Kd8 41. b3 Kc7 42. Kb4 Na8 43. Bh5 Nb6 44. Bf7 Kb7 45. Ka5 Ka7 46. Kb4
Kb7 47. Be6 Kc7 48. Kc3 Kd8 1/2-1/2

[Event "SR 4. liga A21 2015/2016"]
[Site "?"]
[Date "2016.04.03"]
[Round "11.6"]
[White "Smrek, Peter"]
[Black "Kanka, Tomas"]
[Result "1-0"]
[WhiteElo "1807"]
[BlackElo "1704"]
[PlyCount "71"]
[EventDate "2015.??.??"]

1. c4 e5 2. Nc3 Nf6 3. d3 Be7 4. g3 O-O 5. Bg2 d6 6. e4 Be6 7. h3 Nc6 8. Nge2
Rb8 9. O-O a6 10. f4 exf4 11. gxf4 Qc8 12. Kh2 Bd7 13. a4 Nb4 14. Ng3 c6 15. a5
Bd8 16. Be3 c5 17. e5 dxe5 18. fxe5 Ne8 19. Qh5 g6 20. Qe2 Ng7 21. Bh6 Re8 22.
Nd5 Nxd5 23. cxd5 Nf5 24. Nxf5 Bxf5 25. Bf4 Bc7 26. d4 cxd4 27. Rac1 Qd7 28.
Rxc7 Qxc7 29. e6 Qd8 30. exf7+ Kxf7 31. Qc4 Rc8 32. Qxd4 Qxa5 33. d6 Qb5 34.
Bd5+ Be6 35. Bh6+ Qxf1 36. Qg7# 1-0

[Event "SR 4. liga A21 2015/2016"]
[Site "?"]
[Date "2016.04.03"]
[Round "11.6"]
[White "Vlk, Jaroslav"]
[Black "Podjavorinsky, Peter"]
[Result "1/2-1/2"]
[WhiteElo "1481"]
[BlackElo "1695"]
[PlyCount "42"]
[EventDate "2015.??.??"]

1. e4 e5 2. Nf3 Nf6 3. Nc3 Nc6 4. d4 exd4 5. Nxd4 Nxd4 6. Qxd4 d6 7. Bg5 Be7 8.
f4 h6 9. Bh4 a6 10. O-O-O b5 11. e5 dxe5 12. Qxe5 Bd7 13. Nd5 Nxd5 14. Rxd5 Kf8
15. Bxe7+ Qxe7 16. Qxe7+ Kxe7 17. Re5+ Kf6 18. Bd3 Rae8 19. Rhe1 Rxe5 20. Rxe5
Re8 21. Rxe8 Bxe8 1/2-1/2

[Event "SR 4. liga A21 2015/2016"]
[Site "?"]
[Date "2016.04.03"]
[Round "11.6"]
[White "Holan, Jaroslav"]
[Black "Ralbovsky, Milan"]
[Result "1-0"]
[WhiteElo "1467"]
[BlackElo "1000"]
[PlyCount "129"]
[EventDate "2015.??.??"]

1. e4 e5 2. f4 d5 3. exd5 Qxd5 4. Nc3 Qd6 5. Nf3 Bg4 6. Bc4 exf4 7. d3 Nc6 8.
O-O O-O-O 9. Bxf7 Ne5 10. Bd5 c6 11. Be4 g5 12. Qe1 h6 13. Qf2 Kb8 14. b3 Bg7
15. Bb2 Nxf3+ 16. Bxf3 Bd4 17. Bxg4 Bxf2+ 18. Rxf2 Qd4 19. Rb1 Rh7 20. Ne4 Qb6
21. Re1 Rf7 22. Be5+ Ka8 23. Kf1 Qb4 24. Rfe2 a6 25. Bc3 Qf8 26. Ba5 Rb8 27.
Bb6 Nf6 28. Bc5 Qg8 29. Be6 Nxe4 30. Rxe4 f3 31. g3 Qg6 32. Bxf7 Qxf7 33. Kf2
h5 34. Re7 Qd5 35. Bb6 c5 36. Re8 Qd4+ 37. Kf1 Qd6 38. R1e6 Qd7 39. R8e7 Qb5
40. a4 Qb4 41. Re8 Qxb6 42. Rxb8+ Kxb8 43. Rxb6 Kc7 44. Rh6 b6 45. Kf2 g4 46.
Rxh5 Kc6 47. Rg5 b5 48. Rxg4 bxa4 49. Rxa4 Kb6 50. Kxf3 Kb5 51. Ke4 Kb6 52. Kd5
a5 53. Rc4 Kb5 54. g4 Kb6 55. Rxc5 Kb7 56. Rc6 Ka7 57. Kc5 a4 58. bxa4 Kb7 59.
g5 Ka7 60. Rb6 Ka8 61. Kc6 Ka7 62. g6 Ka8 63. Rb5 Ka7 64. g7 Ka6 65. g8=Q 1-0

[Event "SR 5. liga SE-SI 2012/2013"]
[Site "?"]
[Date "2012.10.06"]
[Round "1.1"]
[White "Benak, Peter"]
[Black "Pipiska, Adam"]
[Result "0-1"]
[WhiteElo "1594"]
[BlackElo "1674"]
[PlyCount "52"]
[EventDate "2012.??.??"]

1. e4 e5 2. Nf3 Nc6 3. Bc4 Nf6 4. d4 Nxe4 5. O-O d5 6. Bb5 Bg4 7. dxe5 Bc5 8.
Qd3 O-O 9. Bxc6 bxc6 10. Nc3 Bxf3 11. Qxf3 f5 12. Nxe4 fxe4 13. Qc3 Qe7 14. Be3
Bb6 15. Bxb6 cxb6 16. Qxc6 Qxe5 17. c3 Rad8 18. Qa4 Rf7 19. Rad1 e3 20. fxe3
Qxe3+ 21. Kh1 Rdf8 22. Rxf7 Rxf7 23. Qd4 Qxd4 24. cxd4 Rf2 25. h3 Rxb2 26. a3
Rb3 0-1

[Event "SR 5. liga SE-SI 2012/2013"]
[Site "?"]
[Date "2012.10.06"]
[Round "1.1"]
[White "Ocko, Martin"]
[Black "Sladek, Michal"]
[Result "1-0"]
[WhiteElo "1661"]
[BlackElo "1000"]
[PlyCount "67"]
[EventDate "2012.??.??"]

1. d4 d5 2. c4 Nf6 3. Nc3 Be6 4. e3 c6 5. b3 g6 6. Qc2 Bg7 7. Bd3 O-O 8. Nge2
Bh6 9. O-O Na6 10. a3 Qc7 11. cxd5 cxd5 12. b4 Rfc8 13. Bd2 Ng4 14. Ng3 Nb8 15.
Rfc1 Qd7 16. Bb5 Qd6 17. h3 a6 18. hxg4 axb5 19. Qd3 Bxg4 20. Qxb5 Qd7 21. Qxd7
Nxd7 22. Nxd5 Rxc1+ 23. Bxc1 e6 24. Nc3 Bg7 25. f3 Bh5 26. Nge4 f5 27. Nd6 b6
28. Ncb5 Bf8 29. Bb2 Bxd6 30. Nxd6 Rd8 31. Rc1 Nf6 32. Rc8 Rxc8 33. Nxc8 Nd7
34. a4 1-0

[Event "SR 5. liga SE-SI 2012/2013"]
[Site "?"]
[Date "2012.10.06"]
[Round "1.1"]
[White "Cambal, Peter"]
[Black "Mudroch, Martin"]
[Result "0-1"]
[WhiteElo "1000"]
[BlackElo "1309"]
[PlyCount "128"]
[EventDate "2012.??.??"]

1. e4 c6 2. Nf3 d5 3. exd5 cxd5 4. d4 Nc6 5. Bb5 Bg4 6. Qd3 Bxf3 7. Qxf3 a6 8.
Bxc6+ bxc6 9. c4 Nf6 10. Nc3 e6 11. O-O Be7 12. Re1 O-O 13. Qg3 Bd6 14. Qh3 Qb6
15. Be3 Qxb2 16. Ne2 Qc2 17. Rac1 Qe4 18. Ng3 Qg4 19. Qxg4 Nxg4 20. Bd2 Rab8
21. c5 Bc7 22. f3 Nf6 23. Ne2 Rb2 24. Bf4 Bxf4 25. Nxf4 Rxa2 26. Re2 Rxe2 27.
Nxe2 Re8 28. g4 Nd7 29. Ra1 Ra8 30. Nc1 e5 31. Nb3 f6 32. dxe5 fxe5 33. Re1 a5
34. f4 a4 35. Ra1 exf4 36. Nd4 Nxc5 37. Nxc6 Kf7 38. Ne5+ Ke6 39. Re1 Ne4 40.
Nc6 Kd6 41. Nb4 a3 42. Rc1 a2 43. Rc6+ Kd7 44. Rc1 a1=Q 45. Rxa1 Rxa1+ 46. Kg2
Ra2+ 47. Nxa2 Ke6 48. Kf3 Ke5 49. Nb4 g5 50. Nc6+ Kd6 51. Nd4 Kc5 52. Ne6+ Kc4
53. Nf8 h6 54. Ng6 Nd2+ 55. Ke2 Kc3 56. Ne5 d4 57. h3 Nc4 58. Ke1 Nxe5 59. Kd1
d3 60. h4 gxh4 61. g5 hxg5 62. Ke1 h3 63. Kf1 d2 64. Ke2 h2 0-1

[Event "SR 5. liga SE-SI 2012/2013"]
[Site "?"]
[Date "2012.10.06"]
[Round "1.1"]
[White "Trojkova, Michaela"]
[Black "Svrcek, Daniel"]
[Result "1-0"]
[WhiteElo "1199"]
[BlackElo "1000"]
[PlyCount "47"]
[EventDate "2012.??.??"]

1. e4 e5 2. Nf3 Bd6 3. Bc4 Nf6 4. Nc3 O-O 5. O-O Nc6 6. d3 Bc5 7. Bg5 h6 8. Bh4
g5 9. Bg3 d6 10. h3 Bd7 11. Nd5 Nxd5 12. exd5 Bd4 13. c3 Bb6 14. dxc6 Bxc6 15.
Re1 Bxf3 16. Qxf3 Qc8 17. Qf6 Qd8 18. Qxh6 Qd7 19. Qxg5+ Kh8 20. Qf6+ Kg8 21.
Bxe5 dxe5 22. Rxe5 Qd6 23. Rg5+ Kh7 24. Qg7# 1-0

[Event "SR 5. liga SE-SI 2012/2013"]
[Site "?"]
[Date "2012.10.06"]
[Round "1.1"]
[White "Horak, Viliam"]
[Black "Buran, Andrej ml"]
[Result "0-1"]
[WhiteElo "1000"]
[BlackElo "1152"]
[PlyCount "54"]
[EventDate "2012.??.??"]

1. d4 d5 2. Nc3 Bf5 3. Nf3 e6 4. Ne5 Nd7 5. Bf4 Bd6 6. e3 Bxe5 7. Bxe5 Nxe5 8.
dxe5 c6 9. Bd3 Bxd3 10. cxd3 Qg5 11. O-O Qxe5 12. d4 Qc7 13. e4 f6 14. f4 O-O-O
15. e5 Re8 16. Qa4 Qb6 17. Rad1 Qxb2 18. exf6 Nxf6 19. Qa5 a6 20. Rde1 Nd7 21.
f5 exf5 22. Rxe8+ Rxe8 23. Rxf5 Re1+ 24. Rf1 Qc1 25. h3 Rxf1+ 26. Kh2 Qf4+ 27.
g3 Qf2# 0-1

[Event "SR 5. liga SE-SI 2012/2013"]
[Site "?"]
[Date "2012.10.06"]
[Round "1.2"]
[White "Baumgartner, Milan"]
[Black "Jarabek, Milan"]
[Result "0-1"]
[WhiteElo "1558"]
[BlackElo "1663"]
[PlyCount "68"]
[EventDate "2012.??.??"]

1. c4 Nf6 2. Nc3 d6 3. d4 g6 4. e4 Bg7 5. Bg5 O-O 6. f4 c5 7. d5 Nbd7 8. Nf3
Qa5 9. Qd2 Re8 10. Bd3 a6 11. O-O Rb8 12. Rae1 b5 13. cxb5 axb5 14. Bxb5 Rxb5
15. Nxb5 Qxb5 16. b3 Ba6 17. Rf2 Ng4 18. h3 Nxf2 19. Kxf2 Qb4 20. Qxb4 cxb4 21.
e5 Nc5 22. Kg3 dxe5 23. fxe5 Nd3 24. Re3 h6 25. h4 hxg5 26. hxg5 Rd8 27. e6
Rxd5 28. exf7+ Kxf7 29. Re4 e5 30. Kh4 Ke6 31. g4 Nf2 32. Rxb4 e4 33. Kg3 exf3
34. Kxf2 Be2 0-1

[Event "SR 5. liga SE-SI 2012/2013"]
[Site "?"]
[Date "2012.10.06"]
[Round "1.2"]
[White "Harasta, Marian"]
[Black "Bartos, Bohumil"]
[Result "1/2-1/2"]
[WhiteElo "1624"]
[BlackElo "1533"]
[PlyCount "33"]
[EventDate "2012.??.??"]

1. d4 Nf6 2. c4 e6 3. Nc3 d5 4. e3 Bb4 5. Nf3 Nbd7 6. Bd3 O-O 7. O-O Bxc3 8.
bxc3 dxc4 9. Bxc4 Nb6 10. Bd3 c6 11. Ba3 Re8 12. Qc2 Nbd7 13. Bd6 Nf8 14. Be5
N8d7 15. Bd6 Nf8 16. Be5 N8d7 17. Bd6 1/2-1/2

[Event "SR 5. liga SE-SI 2012/2013"]
[Site "?"]
[Date "2012.10.06"]
[Round "1.2"]
[White "Danihel, Jozef"]
[Black "Drabek, Martin"]
[Result "1-0"]
[WhiteElo "1566"]
[BlackElo "1516"]
[PlyCount "119"]
[EventDate "2012.??.??"]

1. d4 d5 2. c4 Nf6 3. Nc3 Bf5 4. Bf4 Nc6 5. e3 e6 6. a3 Bd6 7. Bxd6 cxd6 8. Nf3
a6 9. Nh4 Ne7 10. Nxf5 Nxf5 11. Bd3 Ne7 12. O-O Rc8 13. cxd5 Nexd5 14. Nxd5
Nxd5 15. Be4 Nf6 16. Bxb7 Rb8 17. Bc6+ Ke7 18. b4 d5 19. Rb1 Qd6 20. Ba4 h5 21.
f3 g5 22. Bc2 g4 23. f4 h4 24. Bd3 g3 25. h3 Rhc8 26. Rc1 Rc6 27. Rc5 Nd7 28.
Rxc6 Qxc6 29. Qb3 Rc8 30. b5 axb5 31. Bxb5 Qc3 32. Qxc3 Rxc3 33. Ra1 Rxe3 34.
a4 Rc3 35. a5 Rc7 36. a6 Ra7 37. Bd3 Nb8 38. Kf1 Kd6 39. Ke2 f6 40. Rb1 Nc6 41.
Ke3 f5 42. Bb5 Na5 43. Rc1 Ke7 44. Rc8 Kd6 45. Rh8 Nc4+ 46. Kd3 Na3 47. Rd8+
Kc7 48. Rd7+ Kb6 49. Rxa7 Kxa7 50. Bd7 Kxa6 51. Bxe6 Nb5 52. Bxf5 Kb6 53. Be6
Nc7 54. f5 Kc6 55. Ke3 Kd6 56. Kf4 Nxe6+ 57. fxe6 Kxe6 58. Kg4 Kf6 59. Kxh4 Kf5
60. Kxg3 1-0

[Event "SR 5. liga SE-SI 2012/2013"]
[Site "?"]
[Date "2012.10.06"]
[Round "1.2"]
[White "Budovic, Patrik"]
[Black "Geher, Stanislav"]
[Result "1-0"]
[WhiteElo "1207"]
[BlackElo "1493"]
[PlyCount "106"]
[EventDate "2012.??.??"]

1. e4 e6 2. Nf3 d5 3. d3 c5 4. Ne5 dxe4 5. dxe4 Qxd1+ 6. Kxd1 Bd6 7. Nc4 Bc7 8.
g3 Nc6 9. Bg2 e5 10. Ke2 Be6 11. Ne3 Rd8 12. Re1 Ba5 13. Nc3 Nd4+ 14. Kf1 Ne7
15. Bd2 Nxc2 16. Nxc2 Rxd2 17. Ne3 Rxb2 18. Rec1 O-O 19. Ncd5 Nc6 20. Nc4 Bb4
21. Nxb2 b6 22. Nd3 Ba5 23. f4 f6 24. Kg1 Nd4 25. Rf1 Bg4 26. fxe5 Be2 27. Rf2
Bxd3 28. exf6 g6 29. Ne7+ Kh8 30. f7 Bc3 31. Rd1 c4 32. h4 Kg7 33. Nd5 Rxf7 34.
Rxf7+ Kxf7 35. Nxc3 b5 36. Bf1 Nf3+ 37. Kg2 Bxe4 38. Nxe4 Ne5 39. Ng5+ Kg7 40.
Be2 a5 41. Rd5 Nc6 42. Rxb5 Nd4 43. Rxa5 Nxe2 44. Ne4 c3 45. Rc5 Nc1 46. Nxc3
Nd3 47. Rc7+ Kh6 48. g4 Ne5 49. g5+ Kh5 50. Kg3 h6 51. Rh7 Ng4 52. Rxh6+ Nxh6
53. gxh6 Kxh6 1-0

[Event "SR 5. liga SE-SI 2012/2013"]
[Site "?"]
[Date "2012.10.06"]
[Round "1.2"]
[White "Pekar, Pavol"]
[Black "Spacek, Jan"]
[Result "1-0"]
[WhiteElo "1000"]
[BlackElo "1000"]
[PlyCount "93"]
[EventDate "2012.??.??"]

1. d4 d5 2. Nc3 Nf6 3. Bf4 Bf5 4. e3 e6 5. a3 Nc6 6. Bd3 Be7 7. Bxf5 exf5 8.
Nb5 O-O 9. Bxc7 Qd7 10. Bg3 Na5 11. Nc3 Bd6 12. Nge2 Nc4 13. b3 Nb6 14. Qd3 Ne4
15. Qb5 Nxc3 16. Qxd7 Nxd7 17. Bxd6 Rfc8 18. Nxc3 Rxc3 19. Rc1 Rac8 20. Kd2
R3c6 21. Bg3 Nf6 22. f3 Nh5 23. Rhe1 Re6 24. Bf2 f4 25. e4 dxe4 26. Rxe4 Rxe4
27. fxe4 Nf6 28. e5 Ng4 29. Bg1 f6 30. h3 Nh6 31. Re1 Nf5 32. Bf2 Ng3 33. Bxg3
fxg3 34. e6 Kf8 35. d5 Ke7 36. Re3 Kd6 37. c4 h6 38. Kd3 b6 39. Rxg3 g5 40. Rf3
Rf8 41. b4 f5 42. Re3 g4 43. Kd4 gxh3 44. gxh3 h5 45. c5+ bxc5+ 46. bxc5+ Ke7
47. d6+ 1-0